000 00285pam a2200145 a 4500
020 _c
041 _h
100 _aE. David Ford
245 _aScientific Method for Ecological Research
250 _a Ist
260 _c2000
300 _a563
653 _aScience
930 _a209
999 _c246062
_d246062